000
00322nam a22001337a 4500
008
171027b xxu||||| |||| 00| 0 eng d
020
_a
9780521389365
041
_a
eng
080
_a
336
100
_a
55
101
_a
MEN
245
_a
TECHNOLOGY AND THE PURSUIT OF ECONOMIC GROWTH
_c
MOWERY.D.C
942
_2
udc
_c
BK
999
_c
36022
_d
36022